TechVenture : (Record no. 14041)

000 -LEADER
fixed length control field 00861cam a22002414a 4500
020 ## - INTERNATIONAL STANDARD BOOK NUMBER
ISBN 0471414247 (cloth : alk. paper)
040 ## - CATALOGING SOURCE
Transcribing agency DLC
082 00 - DEWEY DECIMAL CLASSIFICATION NUMBER
Classification number 658 J.WI 2001 A050 Or.
245 00 - TITLE STATEMENT
Title TechVenture :
Remainder of title new rules on value and profit from Silicon Valley /
246 30 - VARYING FORM OF TITLE
Title proper/short title New rules on value and profit from Silicon Valley
260 ## - PUBLICATION, DISTRIBUTION, ETC. (IMPRINT)
Place of publication New York :
Name of publisher J. Wiley,
Year of publication c2001.
300 ## - PHYSICAL DESCRIPTION
Number of Pages xxiii, 344 p. :
Other physical details ill. ;
Dimensions 24 cm.
650 #0 - SUBJECT ADDED ENTRY--TOPICAL TERM
Topical Term Electronic commerce.
650 #0 - SUBJECT ADDED ENTRY--TOPICAL TERM
Topical Term Electronic commerce
650 #0 - SUBJECT ADDED ENTRY--TOPICAL TERM
Topical Term Business enterprises
650 #0 - SUBJECT ADDED ENTRY--TOPICAL TERM
Topical Term Venture capital.
650 #0 - SUBJECT ADDED ENTRY--TOPICAL TERM
Topical Term Electronic commerce
700 1# - ADDED ENTRY--PERSONAL NAME
Personal name Sawhney, Mohanbir S.
856 42 - ELECTRONIC LOCATION AND ACCESS
Uniform Resource Identifier http://www.loc.gov/catdir/bios/wiley044/2001024554.html
856 42 - ELECTRONIC LOCATION AND ACCESS
Uniform Resource Identifier http://www.loc.gov/catdir/description/wiley037/2001024554.html
856 4# - ELECTRONIC LOCATION AND ACCESS
Uniform Resource Identifier http://www.loc.gov/catdir/toc/onix07/2001024554.html
942 ## - ADDED ENTRY ELEMENTS (KOHA)
Koha item type សៀវភៅភាសាអង់គ្លេស
952 ## - LOCATION AND ITEM INFORMATION (KOHA)
Withdrawn status [LOCAL, KOHA] 0
Holdings
Permanent Location Date acquired Koha item type Lost status Shelving location Barcode Current Location Full call number
Library Block A2017-10-05សៀវភៅភាសាអង់គ្លេស A050A22180Library Block A658 J.WI 2001 A050 Or.
មជ្ឈមណ្ឌលឯការនៃសាកលវិទ្យាល័យភូមិន្ទកសិកម្មចំការដូង

Powered by Koha